Formula 1 2018 drivers - Statistics

General Stats
  • This quiz has been taken 59 times
  • The average score is 19 of 20
Answer Stats
Team Answer % Correct
Mercedes Lewis Hamilton
100%
Ferrari Sebastian Vettel
100%
Ferrari Kimi Räikkönen
98%
Red Bull Max Verstappen
98%
Mercedes Valtteri Bottas
98%
Red Bull Daniel Ricciardo
96%
Force India Esteban Ocon
96%
Renault Nico Hülkenberg
96%
Force India Sergio Perez
96%
Renault Carlos Sainz
94%
McLaren Fernando Alonso
94%
Haas Kevin Magnussen
92%
Haas Romain Grosjean
92%
Toro Rosso Pierre Gasly
90%
Sauber Charles Leclerc
88%
Williams Lance Stroll
88%
Sauber Marcus Ericsson
87%
Toro Rosso Brendon Hartley
85%
McLaren Stoffel Vandoorne
85%
Williams Sergey Sirotkin
81%
No matching quizzes found
Score Distribution
Percent of People with Each Score
Percentile by Number Answered
Your Score History
You have not taken this quiz